BSOP header

中外名人經典演講辭 Zhong wai ming ren jing dian yan jiang ci = Chinese and foreign celebrities classic speeches {ch} / (Record no. 29083)

MARC details
000 -LEADER
fixed length control field 01681nam a22001817a 4500
005 - DATE AND TIME OF LATEST TRANSACTION
control field 20140520110023.0
008 - FIXED-LENGTH DATA ELEMENTS--GENERAL INFORMATION
fixed length control field 121211b ch ||||| |||| 00| 0 chi d
020 ## - INTERNATIONAL STANDARD BOOK NUMBER
International Standard Book Number 9787510411540
020 ## - INTERNATIONAL STANDARD BOOK NUMBER
International Standard Book Number 7510411548
245 ## - TITLE STATEMENT
Title 中外名人經典演講辭 Zhong wai ming ren jing dian yan jiang ci = Chinese and foreign celebrities classic speeches {ch} /
Statement of responsibility, etc 趙暉東 Zhao Huidong
260 ## - PUBLICATION, DISTRIBUTION, ETC. (IMPRINT)
Place of publication, distribution, etc 中國 Zhong guo China :
Name of publisher, distributor, etc 新世界出版社,
Date of publication, distribution, etc 2010.
300 ## - PHYSICAL DESCRIPTION
Extent 2, 6, 428 p. :
Other physical details ill. ;
Dimensions 29 cm.
500 ## - GENERAL NOTE
General note Translation from various languages.
520 ## - SUMMARY, ETC.
Summary, etc 《中外名人经典演讲辞(超值钻石版)》内容简介:好的演讲并非天生,而是后天学习和长期苦练的结果。为帮助大、中学生,各界官员和企业家以及喜爱演讲的朋友提高演讲能力,《中外名人经典演讲辞(超值钻石版)》精选了中外名人最有分量最能点石成金的经典演说,摄取了政治、军事、外交、经济、科技、学术、教育等方面的内容。在选人、选材和演讲风格方面,由于这些名家伟人个性各异、身分不同,也由于他们是在不同的历史背景下进行的演讲,所以风格方面就丰富多彩。他们的演讲或慷慨激愤,或悲壮深重;或言辞激切,或和风细雨;或含蓄隽永,或直抒胸怀;或严肃端庄,或幽默诙谐;或铺陈排比,或简洁凝炼等等,即使是相类似的演说,也显现出不一样的风貌。比如同是总统就职演讲,邱吉尔谦逊委婉,肯尼迪锋芒毕露,而华盛顿则是诚恳温和……
650 ## - SUBJECT ADDED ENTRY--TOPICAL TERM
Topical term or geographic name as entry element Speeches, addresses, etc. {ch}.
700 ## - ADDED ENTRY--PERSONAL NAME
Personal name 趙暉東 Zhao Huidong
942 ## - ADDED ENTRY ELEMENTS (KOHA)
Source of classification or shelving scheme Library of Congress Classification
Item type Books
Holdings
Withdrawn status Lost status Source of classification or shelving scheme Damaged status Not for loan Home library Current library Shelving location Date acquired Accession number Total Checkouts Full call number Barcode Date last seen Price effective from Koha item type
    Library of Congress Classification     BSOP Library BSOP Library Special Collections Chinese 05/08/2013 C-11512   PN6121 Zh6c 2010 00042902 02/23/2013 02/23/2013 Books
BSOP

Biblical Seminary of the Philippines
  All rights Reserved
  © 2024

CONTACT INFORMATION

Biblical Seminary of the Philippines,
  77-B Karuhatan Road, Valenzuela City,
  PHILIPPINES 1441
  Phone: +632 8292-6795 / 8292-6798
  Fax : +632 8292-6675
  Email: library@bsop.edu.ph